000 00252 a2200109 4500
020 _a9798765608241
041 _aspa
100 _aColella, Jill
245 _aSobre ponerse con Big Bird : un libro sobre la resiliencia
942 _cBK
999 _c29934
_d29932
999 _d29932